000 00484nam a2200181Ia 4500
005 20250326123529.0
008 250326s9999 xx 000 0 und d
037 _aTextbook
040 _aFMSL
_beng
_cFMSL
041 _aeng
_2eng
084 _ay.73 L21
_qFMSL
100 _aIsrael J
_967674
245 0 _aBuilding the organizational society
_cIsrael J
260 _aNY
_bNY, Free Press
_c1972
300 _a341p
942 _cTB
_hy.73 L21
999 _c1269784
_d1269784